Telling Tales for Rising Stars/ (Record no. 216478)

MARC details
000 -LEADER
fixed length control field 00510nam a22001937a 4500
005 - DATE AND TIME OF LATEST TRANSACTION
control field 20260603144718.0
010 ## - LCCN (DPL NO)
LC control number ENG-148722
020 ## - INTERNATIONAL STANDARD BOOK NUMBER
International Standard Book Number 9781482859232
Terms of availability 350.00
035 ## - SYSTEM CONTROL NUMBER
System control number EN-132254
037 ## - SOURCE OF ACQUISITION
Source of stock number/acquisition DBAD
082 ## - DEWEY DECIMAL CLASSIFICATION NUMBER
Classification number S
100 ## - MAIN ENTRY--PERSONAL NAME
Personal name Rao, C.N. Nageshwar
245 ## - TITLE STATEMENT
Title Telling Tales for Rising Stars/
Statement of responsibility, etc C.N. Nageshwar Rao
250 ## - EDITION STATEMENT
Edition statement 1
260 ## - PUBLICATION, DISTRIBUTION, ETC. (IMPRINT)
Date of publication, distribution, etc 2015
Place of publication, distribution, etc India
Name of publisher, distributor, etc Partridge India
270 ## - ADDRESS
City India
Electronic mail address india@partridgepublishing.com
300 ## - PHYSICAL DESCRIPTION
Extent 149p.
Dimensions 21cm(pb)
942 ## - ADDED ENTRY ELEMENTS (KOHA)
Source of classification or shelving scheme Dewey Decimal Classification
Item type English Books
Classification part S
Call number suffix RAO
Holdings
Withdrawn status Lost status Not for loan Collection code Home library Current library Date acquired Source of acquisition Cost, normal purchase price Full call number Barcode Copy number Cost, replacement price Koha item type
    Not For Loan Fiction D.B.Act.Division D.B.Act.Division 03/06/2026 Delivery of Books Act Division 350.00 S RAO EN-132254 1 350.00 English Books

© Delhi Public Library
Hit Counter
free hit counter